01355nam a22003257a 4500003000400000005001700004008004100021040002200062082001800084100003000102245003000132260006000162300002100222366000800243490002900251505006400280505010300344505001200447650006000459650005200519650005300571650004300624650004500667650005600712650004700768700003600815942002900851999001500880952013400895OSt20230616131612.0221006b |||||||| |||| 00| 0 eng d cBiblioteca Lado V a709.05bG851a 9855aGriffin, Timeeditor aArtforum/bInternacional/ aNew Yorkc2000bNew York editorial and business offices c26.5x27cma162p. espa aOctubrev2000x0864-1315 tCOLUMNSaBooks News Design Film Hotlist Music Top Ten tFEATURESgTouche Boucher A Thousand Words Trauma Club Fashion Victor Spurning Tricks Openings tReviews 2Tesauro de Arte & ArquitecturaaARTE COMTEMPORANEO9703 2Tesauro de Arte & ArquitecturaaFOTOGRAFIA9702 2Tesauro de Arte & ArquitecturaaARTE VISUAL9702 2Tesauro de Arte & ArquitecturaaLIBROS 2Tesauro de Arte & ArquitecturaaNOTICIAS 2 Tesauro de Arte & ArquitecturaaARTE INTERNACIONAL 2 Tesauro de Arte & ArquitecturaaESCULTURA aNavarreta, Jose Antonioeeditor 2ddcc1h709.05iG851an0 c3869d3869 00102ddc3200040708RevistasaLVbLVd2023-06-16hOctubrei002510l0o709.05 G851ap002510r2023-06-16 00:00:00w2023-06-16y1